00802cam a22002411 4500001001300000003000400013005001700017008004100034010001700075035001900092040006200111042001200173050001700185100004100202245007500243260005100318300006000369440005200429504003200481650001500513650001500528999001700543w 11000075 DLC20260227112807.0761123s1910 enka b 001 0 eng c aw 11000075  a(OCoLC)2575982 aWashington, D.C. Public LibrarycCtNlCdCtNlCdOCoLCdDLC apremarc00aQL391.T9bK21 aKeeble, Frederick,cSir,d1870-1952.10aPlant-animals,ba study in cymbiosis,cby Frederick Keeble, SC. D. ... aCambridge [Eng.]bThe University Press,c1910. aviii p., 2 l., [3]-163 p.b col. front., illus.c17 cm. 4aThe Cambridge manuals of science and literature aBibliography: p. [159]-160. 0aConvoluta. 0aSymbiosis. c91993d91993